000 00249nam a22001097a 4500
008 170125b xxu||||| |||| 00| 0 eng d
020 _a9781886444010
041 _aeng
080 _a618.2
245 _aTHE CAREWISE GUIDE
_cHOLLAND, E
942 _2udc
_cBK
999 _c3619
_d3619